[Event "London Classic op 11th"]
[Site "London"]
[Date "2019.11.29"]
[Round "1"]
[White "Burke, John S"]
[Black "Taylor, Adam C"]
[Result "0-1"]
[WhiteElo "1966"]
[BlackElo "2371"]
[PlyCount "48"]
[EventDate "2019.11.29"]
[EventType "swiss"]
[EventRounds "9"]
[EventCountry "ENG"]
[SourceTitle "CBM 193 Extra"]
[Source "ChessBase"]
[SourceDate "2020.01.31"]
[SourceVersion "1"]
[SourceVersionDate "2020.01.31"]
[SourceQuality "1"]

1. d4 Nf6 2. Bf4 c5 3. dxc5 Na6 4. Nc3 Nxc5 5. e3 Qa5 6. Bd3 e5 7. Bg3 Na4 8. Nge2 Nxb2 9. Qb1 Ba3 10. 0-0 a6 11. Nd1 Nxd3 12. cxd3 d6 13. Ndc3 0-0 14. Qb3 Be6 15. Qc2 Rac8 16. e4 Rc7 17. f3 Rfc8 18. Be1 d5 19. Qa4 Qxa4 20. Nxa4 Rc2 21. Ng3 R8c6 22. Rf2 b5 23. Rxc2 Rxc2 24. Nc3 Bb2 0-1

[Event "London Classic op 10th"]
[Site "London"]
[Date "2018.12.15"]
[Round "7"]
[White "Burke, John S"]
[Black "Basnayake, IU."]
[Result "1-0"]
[WhiteElo "1980"]
[BlackElo "1692"]
[PlyCount "149"]
[EventDate "2018.12.09"]
[EventType "swiss"]
[EventRounds "9"]
[EventCountry "ENG"]
[SourceTitle "CBM 187 Extra"]
[Source "ChessBase"]
[SourceDate "2018.11.04"]
[SourceVersion "1"]
[SourceVersionDate "2018.11.04"]
[SourceQuality "1"]

1. d4 Nf6 2. Bf4 g6 3. e3 Bg7 4. Nf3 0-0 5. Be2 d6 6. 0-0 c5 7. c3 Qb6 8. Qc1 Bg4 9. h3 Bd7 10. Nbd2 Rc8 11. Nc4 Qd8 12. Qd1 b5 13. Ncd2 a6 14. e4 Bc6 15. Bd3 Nh5 16. Bg5 h6 17. Be3 c4 18. Bc2 Nf6 19. Nh2 Nbd7 20. Ng4 Nxg4 21. hxg4 e5 22. d5 Bb7 23. g3 Qe7 24. Kg2 g5 25. Rh1 Nf8 26. Nf1 Re8 27. Bd2 Bc8 28. Ne3 Ng6 29. Rh5 Nh8 30. Qh1 f6 31. Qd1 Bd7 32. Qf3 Red8 33. Rah1 Nf7 34. Qe2 Rdc8 35. Ra1 Qd8 36. Rhh1 Qe8 37. Rhb1 Rc5 38. b4 Rc7 39. a4 Rca7 40. Ra2 Qc8 41. Rba1 Qc7 42. Nf5 a5 43. Be3 Ra6 44. axb5 Bxb5 45. Ba4 Qd7 46. Bxb5 Qxb5 47. Rxa5 Rxa5 48. Rxa5 Rxa5 49. bxa5 Qxa5 50. Qxc4 Bf8 51. Qc8 Qd8 52. Qc6 Qb8 53. c4 Qb1 54. f3 Qb2+ 55. Bf2 Qb8 56. Bb6 Kh7 57. Qc7 Qxc7 58. Bxc7 Kg6 59. Kf2 h5 60. gxh5+ Kxh5 61. g4+ Kg6 62. Ke2 Nh8 63. Bxd6 Kf7 64. Bxf8 Kxf8 65. c5 Ke8 66. Kd3 Ng6 67. Kc4 Nh4 68. c6 Kd8 69. Kc5 Nxf3 70. d6 Nd2 71. Ng3 Nb3+ 72. Kb6 Kc8 73. Nf5 Nd2 74. d7+ Kd8 75. Kb7 1-0

[Event "London Classic op"]
[Site "London"]
[Date "2017.12.08"]
[Round "8"]
[White "Cumming, Rhys"]
[Black "Burke, John S"]
[Result "1/2-1/2"]
[WhiteElo "2162"]
[BlackElo "1978"]
[PlyCount "53"]
[EventDate "2017.12.02"]
[EventType "swiss"]
[EventRounds "9"]
[EventCountry "ENG"]
[SourceTitle "CBM 182 Extra"]
[Source "ChessBase"]
[SourceDate "2018.02.23"]
[SourceVersion "1"]
[SourceVersionDate "2018.02.23"]
[SourceQuality "1"]

1. e4 d5 2. exd5 Qxd5 3. Nc3 Qd8 4. d4 c6 5. Ne4 g6 6. Nf3 Bg7 7. Bc4 Nf6 8. Nxf6+ exf6 9. Be3 0-0 10. Qd2 Nd7 11. 0-0-0 Nb6 12. Bb3 a5 13. a3 a4 14. Ba2 Be6 15. Bxe6 fxe6 16. Qd3 Qd5 17. Kb1 Qb5 18. Qxb5 cxb5 19. Bd2 Rfd8 20. Rhe1 Kf7 21. g4 h6 22. h4 g5 23. Rh1 Rd5 24. Kc1 Nc4 25. Bc3 Rc8 26. Rd3 Rcd8 27. hxg5 1/2-1/2

[Event "London Classic op"]
[Site "London"]
[Date "2017.12.07"]
[Round "7"]
[White "Burke, John S"]
[Black "Espinosa Cancino, Monica"]
[Result "1-0"]
[WhiteElo "1978"]
[BlackElo "1721"]
[PlyCount "53"]
[EventDate "2017.12.02"]
[EventType "swiss"]
[EventRounds "9"]
[EventCountry "ENG"]
[SourceTitle "CBM 182 Extra"]
[Source "ChessBase"]
[SourceDate "2018.02.23"]
[SourceVersion "1"]
[SourceVersionDate "2018.02.23"]
[SourceQuality "1"]

1. d4 d5 2. Bf4 e6 3. e3 c6 4. Nd2 Nf6 5. Bd3 Be7 6. Ngf3 0-0 7. Ne5 Nbd7 8. 0-0 c5 9. c3 Nb6 10. Qe2 Bd7 11. Qf3 Rc8 12. Qh3 g6 13. g4 Ne8 14. Qh6 Ng7 15. Kh1 Be8 16. Rg1 f6 17. Nef3 Bd7 18. Rg3 f5 19. Rh3 Kf7 20. Ne5+ Ke8 21. Qxh7 Bf6 22. Qxg6+ Ke7 23. Rh7 Be8 24. Rxg7+ Bxg7 25. Qxg7+ Rf7 26. Bg5+ Kd6 27. Nxf7+ 1-0

[Event "London Classic op"]
[Site "London"]
[Date "2017.12.02"]
[Round "1"]
[White "Burke, John S"]
[Black "Henderson de la Fuente, Lance"]
[Result "0-1"]
[WhiteElo "1978"]
[BlackElo "2419"]
[PlyCount "94"]
[EventDate "2017.12.02"]
[EventType "swiss"]
[EventRounds "9"]
[EventCountry "ENG"]
[SourceTitle "CBM 182 Extra"]
[Source "ChessBase"]
[SourceDate "2018.02.23"]
[SourceVersion "1"]
[SourceVersionDate "2018.02.23"]
[SourceQuality "1"]

1. d4 e6 2. Nf3 c5 3. e3 Nf6 4. Bd3 Be7 5. Nbd2 b6 6. 0-0 Bb7 7. b3 0-0 8. Bb2 cxd4 9. Nxd4 d6 10. Qe2 a6 11. c4 Nbd7 12. Rac1 Re8 13. Bb1 Bf8 14. Rfd1 Qc7 15. Nf1 g6 16. Ng3 Bg7 17. Nf3 Rad8 18. Rd2 Nc5 19. Rcd1 e5 20. Bc2 a5 21. a3 Nfe4 22. Nxe4 Nxe4 23. Bxe4 Bxe4 24. Ne1 a4 25. b4 Bf8 26. Rc1 Rc8 27. Qd1 Qa7 28. Qe2 Rc7 29. Nf3 Rec8 30. Rdd1 Qa8 31. Ne1 Bf5 32. Nf3 Qa6 33. b5 Qa8 34. Nd2 Rc5 35. Bc3 d5 36. Bxe5 dxc4 37. Bc3 Rxb5 38. Nxc4 Rb3 39. Bd4 Qa6 40. g4 Be6 41. Qf3 Be7 42. Qf4 Rxc4 43. Qe5 Rxd4 44. Rxd4 Qb5 45. Qe4 Rxa3 46. Rcd1 Kg7 47. f4 Qe2 0-1

[Event "London Classic op 8th"]
[Site "London"]
[Date "2016.12.15"]
[Round "8"]
[White "Rushbrooke, Tibo"]
[Black "Burke, John S"]
[Result "1-0"]
[WhiteElo "1502"]
[BlackElo "2055"]
[PlyCount "43"]
[EventDate "2016.12.09"]
[EventType "swiss"]
[EventRounds "9"]
[EventCountry "ENG"]
[SourceTitle "CBM 176 Extra"]
[Source "ChessBase"]
[SourceDate "2017.03.02"]
[SourceVersion "1"]
[SourceVersionDate "2017.03.02"]
[SourceQuality "1"]

1. e4 d6 2. Nc3 g6 3. f4 Bg7 4. Nf3 Nf6 5. Bc4 0-0 6. 0-0 c6 7. e5 Nd5 8. d4 Nxc3 9. bxc3 d5 10. Bd3 e6 11. Qe1 b6 12. g4 f5 13. Qg3 Ba6 14. Ba3 Bxd3 15. cxd3 Re8 16. h4 fxg4 17. Qxg4 Qd7 18. Ng5 h6 19. h5 hxg5 20. fxg5 Na6 21. hxg6 c5 22. Qh5 1-0

[Event "London Classic op 8th"]
[Site "London"]
[Date "2016.12.10"]
[Round "3"]
[White "Burke, John S"]
[Black "Siddharth, Gopakumar"]
[Result "0-1"]
[WhiteElo "2055"]
[BlackElo "1822"]
[PlyCount "150"]
[EventDate "2016.12.09"]
[EventType "swiss"]
[EventRounds "9"]
[EventCountry "ENG"]
[SourceTitle "CBM 176 Extra"]
[Source "ChessBase"]
[SourceDate "2017.03.02"]
[SourceVersion "1"]
[SourceVersionDate "2017.03.02"]
[SourceQuality "1"]

1. d4 d5 2. Nf3 Nf6 3. e3 g6 4. Be2 Bg7 5. 0-0 0-0 6. b3 Nbd7 7. Bb2 b6 8. c4 c6 9. Nc3 Bb7 10. Rb1 Re8 11. Qc2 Qc7 12. Rfc1 Rac8 13. Qd1 Qb8 14. Bf1 e6 15. b4 dxc4 16. Bxc4 Rcd8 17. Qb3 Nd5 18. Ne2 Qd6 19. Ba1 h6 20. e4 Nf4 21. e5 Nxe2+ 22. Bxe2 Qe7 23. Rd1 c5 24. bxc5 Bd5 25. Bc4 bxc5 26. Bxd5 exd5 27. dxc5 Nxe5 28. Rbc1 Nxf3+ 29. Qxf3 Bxa1 30. Rxa1 Qxc5 31. Rac1 Qa5 32. h4 h5 33. g3 d4 34. Kh2 Qxa2 35. Rd3 Re2 36. Kg2 Qe6 37. Rc6 Qd5 38. Qxd5 Rxd5 39. Rc8+ Kg7 40. Rc7 Ra2 41. Kf3 Rf5+ 42. Ke4 Rfxf2 43. Kxd4 Rfd2 44. Rxd2 Rxd2+ 45. Ke5 Ra2 46. Kf4 a5 47. Ra7 Rf2+ 48. Ke4 Rf5 49. Ra6 Rb5 50. Kf4 Rb4+ 51. Kf3 a4 52. Ke3 Kf8 53. Ra7 f6 54. Kf3 g5 55. hxg5 fxg5 56. Ra5 Rg4 57. Ra7 Kg8 58. Kf2 h4 59. gxh4 gxh4 60. Kf3 Rb4 61. Kg2 Kf8 62. Kh3 Ke8 63. Kg2 Kd8 64. Kf3 Kc8 65. Ke3 Kb8 66. Ra5 Kb7 67. Kd3 h3 68. Rh5 Rb3+ 69. Kc2 Rg3 70. Kb2 a3+ 71. Ka2 Kc6 72. Ra5 Kd6 73. Rb5 Ke6 74. Ra5 Kf6 75. Rb5 Kg6 0-1

[Event "London Classic op 7th"]
[Site "London"]
[Date "2015.12.09"]
[Round "7"]
[White "Burke, John S"]
[Black "Rice, Christopher"]
[Result "0-1"]
[WhiteElo "2049"]
[BlackElo "1956"]
[PlyCount "65"]
[EventDate "2015.12.04"]
[EventType "swiss"]
[EventRounds "9"]
[EventCountry "ENG"]
[SourceTitle "CBM 169 Extra"]
[Source "ChessBase"]
[SourceDate "2015.12.18"]
[SourceVersion "1"]
[SourceVersionDate "2015.12.18"]
[SourceQuality "1"]

1. d4 d5 2. Nf3 Nf6 3. e3 e6 4. Bd3 c5 5. Nbd2 Nc6 6. b3 Bd6 7. Bb2 0-0 8. a3 b6 9. Ne5 Bb7 10. 0-0 Rc8 11. f4 Ne7 12. Qe2 Ne4 13. c4 Nf5 14. Nef3 cxd4 15. Nxd4 Nxd4 16. Bxd4 Qe7 17. Bb2 Rfd8 18. Nf3 Nc5 19. Bc2 Ba6 20. Ng5 f5 21. Qh5 h6 22. Nxe6 Qxe6 23. Bxf5 Qe8 24. Qg4 Rc7 25. Rf3 Bc8 26. b4 Bxf5 27. Qxf5 Qe6 28. Qxe6+ Nxe6 29. cxd5 Nf8 30. e4 Rc2 31. Rb1 Bb8 32. g3 Re2 33. Be5 0-1

[Event "London Classic op 6th"]
[Site "London"]
[Date "2014.12.09"]
[Round "2"]
[White "Kebbedies, Frank"]
[Black "Burke, John S"]
[Result "1/2-1/2"]
[WhiteElo "1803"]
[BlackElo "2026"]
[PlyCount "43"]
[EventDate "2014.12.08"]
[EventType "swiss"]
[EventRounds "9"]
[EventCountry "ENG"]
[SourceTitle "CBM 163 Extra"]
[Source "ChessBase"]
[SourceDate "2014.12.23"]
[SourceVersion "1"]
[SourceVersionDate "2014.12.23"]
[SourceQuality "1"]

1. d4 d5 2. c4 dxc4 3. Nf3 Nf6 4. Nc3 a6 5. e4 b5 6. e5 Nd5 7. a4 Nxc3 8. bxc3 Qd5 9. Ng5 h6 10. Be2 Qd8 11. Nxf7 Kxf7 12. Bh5+ Kg8 13. Qf3 Be6 14. Qxa8 Bd5 15. Qa7 e6 16. 0-0 b4 17. cxb4 Bxb4 18. Bf3 Bxf3 19. gxf3 Nc6 20. Qxa6 Qd5 21. Be3 Qxf3 22. Qxc4 1/2-1/2

[Event "London Classic op 5th"]
[Site "London"]
[Date "2013.12.13"]
[Round "7"]
[White "Semprun Martinez, Fernando M"]
[Black "Burke, John S"]
[Result "1-0"]
[WhiteElo "2213"]
[BlackElo "2045"]
[PlyCount "53"]
[EventDate "2013.12.07"]
[EventType "swiss"]
[EventRounds "9"]
[EventCountry "ENG"]
[SourceTitle "CBM 157 Extra"]
[Source "ChessBase"]
[SourceDate "2013.12.19"]
[SourceVersion "1"]
[SourceVersionDate "2013.12.19"]
[SourceQuality "1"]

1. e4 Nc6 2. Nf3 d6 3. d4 g6 4. d5 Nb8 5. Nc3 Bg7 6. h3 Nf6 7. Bd3 0-0 8. 0-0 b6 9. Qe2 Bb7 10. a4 c6 11. Bc4 Qc8 12. Bg5 Nbd7 13. Rad1 Re8 14. Rfe1 h6 15. Bc1 Qc7 16. dxc6 Bxc6 17. Nd4 Bb7 18. Nd5 Nxd5 19. exd5 a6 20. c3 Ne5 21. Ba2 Rac8 22. f4 Nd7 23. f5 g5 24. h4 Qc5 25. hxg5 Bxd5 26. gxh6 Bxa2 27. Qg4 1-0

[Event "London Classic op 4th"]
[Site "London"]
[Date "2012.12.05"]
[Round "5"]
[White "Tortolero Hernandez, Cesar Aug"]
[Black "Burke, John S"]
[Result "0-1"]
[WhiteElo "1926"]
[BlackElo "2068"]
[PlyCount "68"]
[EventDate "2012.12.01"]
[EventType "swiss"]
[EventRounds "9"]
[EventCountry "ENG"]
[SourceTitle "CBM 151 Extra"]
[Source "ChessBase"]
[SourceDate "2012.12.18"]
[SourceVersion "1"]
[SourceVersionDate "2012.12.18"]
[SourceQuality "1"]

1. e4 d6 2. d4 Nf6 3. Nc3 c6 4. Bg5 Nbd7 5. Qd2 Qa5 6. f4 e5 7. Nf3 Be7 8. Bc4 h6 9. Bxf6 Bxf6 10. fxe5 dxe5 11. d5 0-0 12. 0-0-0 Nc5 13. Kb1 b5 14. Bd3 b4 15. Ne2 cxd5 16. Ng3 Na4 17. Ne2 Rb8 18. Ka1 dxe4 19. Bxe4 Be6 20. b3 Nc5 21. Qe3 Rb6 22. Rb1 Nxe4 23. Qxe4 Bd5 24. Qe3 Bxf3 25. gxf3 e4+ 26. Rb2 Qe5 27. c3 exf3 28. Qxf3 Re8 29. Kb1 Rd6 30. Rc2 Red8 31. Nd4 Rxd4 32. cxd4 Qxd4 33. Re2 Qa1+ 34. Kc2 Qb2# 0-1

[Event "London Classic op"]
[Site "London"]
[Date "2011.12.09"]
[Round "7"]
[White "Burke, John S"]
[Black "Tart, Peter K"]
[Result "1-0"]
[WhiteElo "2069"]
[BlackElo "1944"]
[PlyCount "89"]
[EventDate "2011.12.03"]
[EventType "swiss"]
[EventRounds "9"]
[EventCountry "ENG"]
[SourceTitle "CBM 145 Extra"]
[Source "ChessBase"]
[SourceDate "2012.01.03"]
[SourceVersion "1"]
[SourceVersionDate "2012.01.03"]
[SourceQuality "1"]

1. e4 e5 2. Nf3 d5 3. exd5 Bd6 4. d4 e4 5. Ne5 Nf6 6. Nc3 Nbd7 7. Nc4 Bb4 8. Ne3 Nb6 9. Bb5+ Bd7 10. Qe2 0-0 11. Bc4 Na4 12. Qd2 Nb6 13. a3 Nxc4 14. Nxc4 Bxc3 15. Qxc3 Nxd5 16. Qg3 f5 17. Qe5 c6 18. h4 b5 19. Bg5 Qe8 20. Qxe8 Raxe8 21. Ne5 Nb6 22. Bf4 Re6 23. a4 bxa4 24. Nxd7 Nxd7 25. Rxa4 Ra8 26. Ra5 g6 27. h5 Kg7 28. hxg6 hxg6 29. Kd2 a6 30. b3 Re7 31. Rha1 Kf6 32. Rxa6 Rc8 33. d5 g5 34. Bd6 cxd5 35. Bxe7+ Kxe7 36. Rg6 g4 37. Ra7 Rd8 38. Ke3 Kf7 39. Rd6 Ke7 40. Rxd5 Ke6 41. Rdxd7 Rxd7 42. Rxd7 Kxd7 43. c4 Kd6 44. b4 Ke5 45. g3 1-0

[Event "London Classic op"]
[Site "London"]
[Date "2011.12.06"]
[Round "4"]
[White "Eames, Robert"]
[Black "Burke, John S"]
[Result "1-0"]
[WhiteElo "2241"]
[BlackElo "2069"]
[PlyCount "63"]
[EventDate "2011.12.03"]
[EventType "swiss"]
[EventRounds "9"]
[EventCountry "ENG"]
[SourceTitle "CBM 145 Extra"]
[Source "ChessBase"]
[SourceDate "2012.01.03"]
[SourceVersion "1"]
[SourceVersionDate "2012.01.03"]
[SourceQuality "1"]

1. e4 d6 2. d4 Nf6 3. Nc3 e5 4. Nf3 Nbd7 5. g4 Nxg4 6. Rg1 Ngf6 7. Bc4 Nb6 8. Bb3 exd4 9. Qxd4 Bg4 10. Ng5 Bh5 11. a4 a5 12. Be3 Nbd7 13. Rg3 h6 14. Nf3 Bxf3 15. Rxf3 Ne5 16. Rf5 Qe7 17. 0-0-0 c5 18. Qd2 b6 19. f4 Nc6 20. Nd5 Qb7 21. Nxf6+ gxf6 22. Bd5 Be7 23. e5 dxe5 24. fxe5 0-0-0 25. exf6 Bd6 26. Qg2 Rhg8 27. Qf3 Kc7 28. Bxf7 Rgf8 29. Bd5 Bxh2 30. Bxh6 Rh8 31. Bf4+ Bxf4+ 32. Qxf4+ 1-0

[Event "London Classic op"]
[Site "London"]
[Date "2011.12.05"]
[Round "3"]
[White "Forsaa, Elise"]
[Black "Burke, John S"]
[Result "0-1"]
[WhiteElo "1728"]
[BlackElo "2069"]
[PlyCount "160"]
[EventDate "2011.12.03"]
[EventType "swiss"]
[EventRounds "9"]
[EventCountry "ENG"]
[SourceTitle "CBM 145 Extra"]
[Source "ChessBase"]
[SourceDate "2012.01.03"]
[SourceVersion "1"]
[SourceVersionDate "2012.01.03"]
[SourceQuality "1"]

1. e4 e5 2. Nf3 d6 3. Bc4 Be7 4. c3 Nf6 5. d3 0-0 6. Nbd2 c6 7. Bb3 Nbd7 8. 0-0 Nc5 9. Bc2 Qc7 10. Re1 b6 11. Nf1 Re8 12. Ng3 h6 13. d4 Ne6 14. Bb3 Bf8 15. Nh4 g6 16. dxe5 dxe5 17. Be3 Kh7 18. Qe2 Nf4 19. Qc2 Qe7 20. Nf3 Bg4 21. Nd2 Rad8 22. h3 Bc8 23. Nf3 Kg8 24. Rad1 Nd7 25. Qc1 Qf6 26. Kh2 Nc5 27. Nxe5 Nxb3 28. axb3 g5 29. Ng4 Bxg4 30. hxg4 Nd3 31. Rxd3 Rxd3 32. Bd4 Rxd4 33. cxd4 Qxd4 34. Qxc6 Re6 35. Qc2 Bg7 36. Re2 Be5 37. Kh3 Bxg3 38. Kxg3 Qe5+ 39. Kh3 Qf4 40. Qc8+ Kg7 41. Qc3+ Kh7 42. Qg3 Rxe4 43. Rxe4 Qxe4 44. Qc7 Kg7 45. Qc3+ Kh7 46. Qc7 Qe6 47. Qc2+ Kg7 48. Qc3+ Kg8 49. Kg3 a5 50. f3 Kf8 51. Kf2 Ke7 52. Kf1 Kd7 53. Kf2 Qd6 54. Ke2 Qd5 55. Qc2 Kd6 56. Ke1 Qc5 57. Qd2+ Kc6 58. Qe2 Kd6 59. Qd2+ Qd5 60. Qc2 Qe5+ 61. Kd1 Qe3 62. Qc4 Qg1+ 63. Kc2 Qxg2+ 64. Kb1 Qxf3 65. Qd4+ Kc7 66. Qe5+ Kb7 67. Qe7+ Ka6 68. Qc7 Qxb3 69. Qc8+ Kb5 70. Qd7+ Kc5 71. Qc7+ Kd4 72. Qd6+ Ke4 73. Qc6+ Kf4 74. Qd6+ Kxg4 75. Qd4+ Kh5 76. Qd2 Kg6 77. Qe2 Qd5 78. Ka1 Qf5 79. Qe3 Qf6 80. Qd3+ Kg7 0-1

[Event "London Classic op"]
[Site "London"]
[Date "2010.12.14"]
[Round "8"]
[White "Marshall, Michael"]
[Black "Burke, John S"]
[Result "1/2-1/2"]
[WhiteElo "1878"]
[BlackElo "2078"]
[PlyCount "33"]
[EventDate "2010.12.08"]
[EventType "swiss"]
[EventRounds "9"]
[EventCountry "ENG"]
[SourceTitle "CBM 139 Extra"]
[Source "ChessBase"]
[SourceDate "2011.01.05"]
[SourceVersion "1"]
[SourceVersionDate "2011.01.05"]
[SourceQuality "1"]

1. d4 c5 2. e3 cxd4 3. exd4 Nf6 4. Nf3 g6 5. Be2 Bg7 6. 0-0 0-0 7. c3 d6 8. Bf4 Qb6 9. Qb3 Qc7 10. Nbd2 Nbd7 11. h3 b6 12. Rfe1 e5 13. dxe5 dxe5 14. Nxe5 Nxe5 15. Nc4 Nf3+ 16. Bxf3 Qxf4 17. Bxa8 1/2-1/2

[Event "BCF-chT1b 0809 (4NCL)"]
[Site "England"]
[Date "2009.01.18"]
[Round "6.7"]
[White "Coleman, David"]
[Black "Burke, John S"]
[Result "1-0"]
[WhiteElo "2208"]
[BlackElo "2085"]
[PlyCount "45"]
[EventDate "2008.10.04"]
[EventType "team-tourn"]
[EventRounds "7"]
[EventCountry "ENG"]
[SourceTitle "EXT 2010"]
[Source "ChessBase"]
[SourceDate "2010.11.25"]
[SourceVersion "1"]
[SourceVersionDate "2010.11.25"]
[SourceQuality "1"]
[WhiteTeam "Barbican II"]
[BlackTeam "NW Eagles"]
[WhiteTeamCountry "ENG"]
[BlackTeamCountry "ENG"]

1. e4 d5 2. exd5 Qxd5 3. Nc3 Qd8 4. Nf3 Nf6 5. d4 c6 6. Bc4 b5 7. Bb3 e6 8. 0-0 Bd6 9. Re1 0-0 10. Bg5 Nbd7 11. Ne4 Be7 12. Nxf6+ Nxf6 13. Ne5 Bb7 14. Qe2 Nd5 15. Bxd5 Bxg5 16. Bb3 Kh8 17. Rad1 g6 18. Rd3 Kg7 19. c3 Rc8 20. Rh3 Rc7 21. Nd3 Bc8 22. f4 Bh4 23. Rxh4 1-0

[Event "BCF-chT3 0708 (4NCL)"]
[Site "Sunningdale"]
[Date "2008.05.03"]
[Round "9.3"]
[White "Burke, John S"]
[Black "Player, Edmund C"]
[Result "1-0"]
[WhiteElo "2071"]
[BlackElo "2133"]
[PlyCount "49"]
[EventDate "2007.09.15"]
[EventType "team-tourn"]
[EventRounds "11"]
[EventCountry "ENG"]
[SourceTitle "EXT 2023"]
[Source "ChessBase"]
[SourceDate "2022.10.05"]
[SourceVersion "1"]
[SourceVersionDate "2022.10.05"]
[SourceQuality "1"]
[WhiteTeam "NW Eagles"]
[BlackTeam "Anglian Avengers"]
[WhiteTeamCountry "ENG"]
[BlackTeamCountry "ENG"]

1. f4 d5 2. Nf3 Nf6 3. d3 e6 4. c3 Be7 5. Qc2 c5 6. e4 Nc6 7. Be2 0-0 8. 0-0 b5 9. e5 Nd7 10. d4 cxd4 11. cxd4 Qb6 12. Kh1 Nxd4 13. Nxd4 Qxd4 14. Bxb5 Qb6 15. Bd3 g6 16. Nc3 Ba6 17. Bxa6 Qxa6 18. Be3 Rfc8 19. Qd2 Rc7 20. f5 Nxe5 21. fxe6 Qxe6 22. Qxd5 Qxd5 23. Nxd5 Rd7 24. Rad1 Re8 25. Bf4 1-0

[Event "Chicago op"]
[Site "Chicago"]
[Date "1997.??.??"]
[Round "4"]
[White "Burke, John S"]
[Black "Trammell, George"]
[Result "1/2-1/2"]
[WhiteElo "2105"]
[BlackElo "2125"]
[PlyCount "71"]
[EventDate "1997.05.26"]
[EventType "swiss"]
[EventRounds "7"]
[EventCountry "USA"]
[SourceTitle "EXT 2000"]
[Source "ChessBase"]
[SourceDate "1999.11.16"]
[SourceVersion "1"]
[SourceVersionDate "1999.11.16"]
[SourceQuality "1"]

1. d4 Nf6 2. c4 g6 3. Nc3 d5 4. Nf3 Bg7 5. Bf4 0-0 6. Rc1 c5 7. dxc5 Qa5 8. cxd5 Rd8 9. Qd2 Nxd5 10. Bc7 Bxc3 11. Bxa5 Bxd2+ 12. Bxd2 Bf5 13. Nd4 Rc8 14. Nxf5 gxf5 15. g3 Nc6 16. Bg2 Rd8 17. 0-0 a5 18. Rfd1 Ndb4 19. Bxc6 bxc6 20. a3 Nd5 21. Bg5 Rd7 22. Rd3 Rb8 23. Rc2 f6 24. Bc1 Kf7 25. f3 Rdb7 26. Kf2 Rb5 27. Bd2 Rxb2 28. Rxb2 Rxb2 29. Bxa5 Rb5 30. Bd2 Rxc5 31. a4 Rc2 32. a5 Ra2 33. Ke1 Ke6 34. e4 fxe4 35. fxe4 Nc7 36. Rc3 1/2-1/2